Responses for show #6653 - Wednesday, July 17, 2013

Mark Japinga game 5.

Contestants

John Clarke, a management consultant originally from Vancouver, British Columbia, Canada

Kerri McCoy, a pediatric emergency-room nurse from Jersey City, New Jersey

Mark Japinga, a legislative researcher from Washington, D.C. (whose 4-day cash winnings total $112,600)

Jeopardy! Round responses

HEALTHY CHOICE
ONE-WORD SHOUT OUTS
THE OSCAR FOR BEST ANIMATED FEATURE
CONSTRUCTION
AUTHOR-IZED BIOGRAPHIES
VIETNAMESE WATER PUPPETS
(Jimmy: The famous water puppets of Vietnam, a classic art form of Asian magic and myth.)
    $200 6
turkey

Mark
    $200 19
timber!

Mark
    $200 1
Finding Nemo

Mark
    $200 14
stairs

John
    $200 9
Pearl Buck

Kerri
    $200 26
dance

Mark
    $400 7
a banana

Kerri
    $400 20
sit!

Triple Stumper
    $400 2
Brave

Mark
    $400 15
insulation

Mark
    $1,000 10
Mario Puzo

Kerri
    $400 27
(Mark: What are light & darkness?)

the Earth & Heaven

MarkKerri
    $600 8
(Mark: What is spinach?)
(Kerri: What is ice cream?)
(John: What is [*]?)
(Alex: You got it.)
[Laughter]

dried figs

MarkKerriJohn
    $600 21
help!

Kerri
    $600 3
Rango

Mark
    $600 16
a 2x4

Kerri
    $600 11
(Kerri: Who is Winston Churchill?)

Geoffrey Chaucer

Kerri
Triple Stumper
    $600 28
a phoenix

Mark
    $800 17
lima beans

Kerri
    $800 22
(Kerri: What is a pub!?)

Cheers!

Kerri
Triple Stumper
    $800 4
Ratatouille

Mark
    $800 24
a nail gun

Mark
    $800 12
(George Bernard) Shaw

Kerri
    $800 29
a paddy

Kerri
    $1000 18
feta

Kerri
    $1000 23
action!

Mark
    $1000 5
Happy Feet

Kerri
    $1000 25
cement

Kerri
    $1000 13
George Sand

John
    $1000 30
(Kerri: What is shellac?)

lacquer

Kerri
Triple Stumper

Scores at the first commercial break (after clue 15):

Mark Kerri John
$2,000 $2,200 $1,800

Scores at the end of the Jeopardy! Round:

Mark Kerri John
$4,400 $5,600 $1,800

Double Jeopardy! Round responses

1813
-OLOGIES
MAKE ROOM FOR ROONEY
METALS
U.S. RIVERS
THE LAST "OUT"
(Alex: Each correct response will end with those three letters of the alphabet.)
    $400 1
Toronto

Mark
    $400 6
trees

John
    $400 13
Andy Rooney

Mark
    $400 19
(John: What is silver?)

gold

MarkJohn
    $400 11
(Alex: Yeah, don't miss that one.)

the Potomac

Mark
    $800 2
(Kerri: What is an eagle?)

Uncle Sam

Kerri
Triple Stumper
    $800 15
meteorology

Kerri
    $800 14
Ferris Bueller

Kerri
    $800 20
platinum

John
    $2,200 7
the Adirondacks

John
    $1200 3
a pineapple

Mark
    $1,200 16
parapsychology

Kerri
    $1200 22
Mickey Rooney

Kerri
    $1200 21
(Alex: [*] is right with a minute to go.)

lead

Mark
    $1200 8
the Colorado River

John
    $1200 12
a snout

John
    $1600 4
Ramses the Great

Kerri
    $1600 17
hematology

Kerri
    $1600 25
Rooney Mara

Mark
    $1600 23
(Robert) Bunsen

Kerri
    $1600 9
(Mark: What is the Hickory?)

Tippecanoe

Mark
Triple Stumper
    $2000 5
Dresden

Triple Stumper
    $2000 18
cetology

Kerri
    $2000 26
[The end-of-round signal sounds.]

Wayne Rooney

Mark
    $2000 24
pitchblende

Triple Stumper
    $2000 10
the Spoon River

Triple Stumper

Scores at the end of the Double Jeopardy! Round:

Mark Kerri John
$10,400 $15,600 $7,200

[wagering suggestions for these scores]

Final Jeopardy! Round responses

INTERNATIONAL SPORTS
JohnWhat the Ironman
$3,201
MarkWhat is the Paris-to Dakar Rally
$10,400
KerriWhat is the NYC Marathon?
$5,000
the Tour de France

Final scores:

Mark Kerri John
$0 $10,600 $3,999
3rd place: $1,000 New champion: $10,600 2nd place: $2,000

Game dynamics:

Coryat scores:

Mark Kerri John
$10,400 $15,000 $5,800
19 R,
3 W
20 R
(including 2 DDs),
5 W
8 R
(including 1 DD),
1 W

Combined Coryat: $31,200

The J! Archive is created by fans, for fans. The Jeopardy! game show and all elements thereof, including but not limited to copyright and trademark thereto, are the property of Jeopardy Productions, Inc. and are protected under law. This website is not affiliated with, sponsored by, or operated by Jeopardy Productions, Inc. Join the discussion at JBoard.tv.